000
00263nam a22000977a 4500
999
_c
509189
_d
509189
082
_a
T19x54
100
_a
First National City Bank of New York
_9
4798
245
_a
India's great adventure
260
_a
New York
_b
First National City Bank of New York
300
_a
22p.